000 00769nam a2200253Ia 4500
003 OSt
005 20221005062205.0
006 a|||||r|||| 00| 0
007 ta
008 221004b |||||||| |||| 00| 0 eng d
020 _a9780815386933 (pbk)
_cUKP 36.99
024 _a65915
037 _b028, 13/12/2019, Classic Book Service
_cTextual
040 _aCRL
_cCRL
_beng
041 _2eng
_aeng
082 _aW6, Q6
100 _aDodds Felix Au.
_9601540
245 0 _aStakeholder democracy
_b represented democracy in a time of fear
260 _aLondon
_bRoutledge UK
_c2019
300 _axxi,239p.
_ccm.
650 _aDEMOCRACY
942 _hW6, Q6
_cTEXL
_2cc
999 _c969335
_d969335